000 00492nam a2200193Ia 4500
005 20250326142810.0
008 250326s9999 xx 000 0 und d
037 _aTextbook
040 _aFMSL
_beng
_cFMSL
041 _aeng
_2eng
084 _aX:94 M3
_qFMSL
100 _aILO
245 0 _aAccident prevention:workers education manual
_cILO
250 _a2
260 _aGeneva
_bGeneva, ILO
_c1983
300 _a184p
942 _cTB
_hX:94 M3
999 _c1296684
_d1296684